Países com mais de 100 mi de habitantes - Sudden Death - Statistics

Estatísticas Gerais
  • Esse quiz foi jogado 418 vezes
  • A pontuação média é 7 de 16
Answers on the Grid
Answers color-coded by a green-red scale on the quiz's grid according to % correct below.
África do Sul
Alemanha
Arábia Saudita
Argentina
Austrália
Bangladesh
Brasil
China
Colômbia
Coreia do Sul
Egito
Espanha
Etiópia
EUA
Filipinas
França
Guatemala
India
Indonesia
Irã
Itália
Japão
Malásia
México
Mianmar
Mongólia
Nepal
Nigéria
Paquistão
Portugal
Quênia
RD Congo
Reino Unido
Rússia
Sudão
Tailândia
Tanzânia
Turquia
Uganda
Vietnã
 
Estatísticas das Respostas
Resposta % Correto
Brasil
84%
EUA
72%
China
71%
India
57%
Rússia
57%
Japão
50%
Indonesia
49%
Bangladesh
47%
México
45%
Nigéria
45%
Paquistão
38%
Filipinas
32%
Egito
31%
Etiópia
26%
RD Congo
24%
Vietnã
17%
Nenhum quiz correspondente encontrado
Distribuição das Pontuações
Porcentagem de Pessoas com Cada Pontuação
Percentil de Números Respondidos
Sua Pontuação Histórica
Você não jogou esse quiz